| 000 | 00498nam a2200193Ia 4500 | ||
|---|---|---|---|
| 003 | 0100 | ||
| 008 | 130227s9999 xx 000 0 und d | ||
| 040 | _cARRUPELIB | ||
| 050 | _aJK271.R52 1966 | ||
| 100 | _aRipley, B. Randall | ||
| 245 | _aPublc policies and thier politics | ||
| 245 | _ban introduction to the techniques of government control | ||
| 260 | _aNew York | ||
| 260 | _bW.W. norton and company | ||
| 260 | _C1966 | ||
| 300 | _axviii | ||
| 300 | _b 174p.20cm. | ||
| 942 |
_2lcc _02 |
||
| 999 |
_c3813 _d3813 |
||